| 000 | 00821nam a22002297a 4500 | ||
|---|---|---|---|
| 999 |
_c11072 _d11072 |
||
| 003 | AR-CdUCM | ||
| 008 | 190402b ||||| |||| 00| 0 spa d | ||
| 040 |
_aMUNICIPALIDAD PROVINCIAL DEL CUSCO _cBIBLIOTECA MUNICIPAL DEL CUSCO |
||
| 082 |
_a869.56 / _bSU88A / 1960 |
||
| 100 |
_aSueldo Guevara, Rubén _96569 |
||
| 245 | _aLos agrarios / | ||
| 260 |
_aLima : _bLetras Peruanas, _c1960. |
||
| 300 |
_a125 páginas ; _c18 cm. |
||
| 440 |
_aBiblioteca de Escritores Peruanos, Serie Ficción. _928202 |
||
| 505 | _aContenido: Manantial santo -- El degollador -- Sabelcha -- Los ojos de la difunta -- El silbido -- Vástagos del diablo -- El arcoiris. | ||
| 650 |
_aCuentos Peruanos _933 |
||
| 650 |
_aSiglo XX _98 |
||
| 650 |
_aCusco _9772 |
||
| 650 |
_aLiteratura Peruana _9132 |
||
| 942 |
_2ddc _cLIBROS |
||
| 945 | _aachl | ||